Countries by Partial Flag Images Quiz #6 - Statistics

General Stats
  • This quiz has been taken 17 times
  • The average score is 11 of 16
Answer Stats
Picture Answer % Correct
Italy
93%
Cyprus
87%
Iran
87%
Kosovo
87%
San Marino
87%
Czech Republic
80%
Iraq
80%
Cape Verde
67%
Oman
67%
Belize
60%
Grenada
53%
Lesotho
53%
Rwanda
47%
Samoa
47%
Sao Tome and Principe
47%
Namibia
33%
No matching quizzes found
Score Distribution
Percent of People with Each Score
Percentile by Number Answered
Your Score History
You have not taken this quiz